Csendes szombat este látogatóban Antalík Józseféknél

Bibliographic Details
Main Authors: Kopasz-Kiedrowska, Csilla, 1941-2009 (4 70), Antalík, József (Author, uin)
Format: Article
Language:Hungarian
PhysicalDescription:Fotogr.
Subjects:

MARC

LEADER 00000nab a2200000 a 4500
001 vtls000688973
003 SK-MaSNL
005 20260319075633.0
008 160322c1999 xo 0 hun
015 |a SNBRB1999/03-05513 
035 |a CLN000041140 
040 |a SNKBUCL  |b slo  |c SNKBUCL  |e AACR2 
041 0 |a hun 
044 |a xo  |c SK 
080 |a 72.071.1  |2 UDC-MRF-SK2 
080 |a 929 Antalík, József  |2 UDC-MRF-SK2 
100 1 |a Kopasz-Kiedrowska, Csilla,  |d 1941-2009  |4 4 70  |9 182749 
245 1 0 |a Csendes szombat este  |b látogatóban Antalík Józseféknél  |c Kopasz-Kiedrowska Csilla 
300 |b Fotogr. 
600 1 7 |a Antalík, József  |2 snkbucl  |9 644573 
655 7 |a články z novín a časopisov  |2 snkbucl  |9 267496 
700 1 |a Antalík, József  |4 aut  |4 uin  |9 644573 
773 0 |t Vasárnap  |g Roč. 32, č. 10 (1999) 
773 0 |t [Príl.] Hang-Kép  |g Č. 10 (1999), s. 24-25 
850 |a Slovenská národná knižnica v Martine 
852 |a SNK  |b KIS3GCP 
958 |a HU 
958 |a SK 
958 |a BX 
958 |a RBX 
999 |c 1415001  |d 1416931